気象庁防災情報発表区域で分割される市町村 - Statistics

General Stats
  • This quiz has been taken 109 times
  • The average score is 19 of 26
Answer Stats
地域 市町村名 区分名 % Correct
広島県 広島市 中区東区 西区 南区 安芸区 安佐北区 安佐南区 佐伯区
91%
静岡県 静岡市 北部南部
89%
静岡県 浜松市 北部南部
89%
北海道網走・北見地方 北見市 (同名)常呂
88%
愛知県 豊田市 東部西部
88%
和歌山県 田辺市 (同名)龍神 中辺路 大塔 本宮
88%
北海道釧路地方 釧路市 (同名)阿寒 音別
87%
栃木県 日光市 (同名) 足尾栗山 藤原 今市
87%
鳥取県 鳥取市 北部南部
84%
東京都 小笠原村 父島母島
83%
滋賀県 大津市 北部南部
83%
宮城県 栗原市 東部西部
82%
宮城県 大崎市 東部西部
82%
北海道日高地方 日高町 (同名)門別
78%
長野県 松本市 (同名)乗鞍上高地
78%
北海道胆振地方 伊達市 (同名)大滝
77%
長崎県 佐世保市 - (宇久地域)
72%
北海道渡島地方・檜山地方 八雲町 (同名)熊石
71%
鹿児島県 薩摩川内市 - 甑島
70%
徳島県 美馬市 (同名)・脇・穴吹木屋平
65%
長崎県 西海市 - (江島・平島)
56%
和歌山県 有田川町 吉備金山清水
54%
和歌山県 日高川町 川辺中津 美山
51%
和歌山県 かつらぎ町 (同名)花園
43%
徳島県 つるぎ町 半田・貞光一宇
43%
宮城県 大和町 東部西部
28%
No matching quizzes found
Score Distribution
Percent of People with Each Score
Percentile by Number Answered
Your Score History
You have not taken this quiz